| 000 | 01043nam a2200265Ia 4500 | ||
|---|---|---|---|
| 003 | OSt | ||
| 005 | 20221005103552.0 | ||
| 006 | a|||||r|||| 00| 0 | ||
| 007 | ta | ||
| 008 | 221004b |||||||| |||| 00| 0 hin d | ||
| 020 |
_a9788188257973 (hbk) _c300 |
||
| 024 | _a119618 | ||
| 037 |
_b476/1, 12/03/2012, Eastern Book Linkers _cTextual |
||
| 040 |
_aCRL _cCRL _bhin |
||
| 041 |
_2hin _ahin |
||
| 082 | _aQ2:4:g(Z), 152Q2 | ||
| 100 | _aशर्मा, सुधीर कुमार | ||
| 245 | 0 | _aधर्मशास्त्रीय परमपरा में अपराध एवं दण्डविधान | |
| 246 | _aDharmashāstrīya paramaparā mean aparādh evan daṇḍavidhāna | ||
| 260 |
_aजयपुर _bहंसा प्रकाशन भारत _c2012 |
||
| 300 |
_a165पृ0 _ccm. |
||
| 650 | _aधर्म | ||
| 942 |
_hQ2:4:g(Z), 152Q2 _cTEXL _2cc |
||
| 999 |
_c1010313 _d1010313 |
||